| 000 | 01059nam a2200241Ia 4500 | ||
|---|---|---|---|
| 003 | OSt | ||
| 005 | 20220923220417.0 | ||
| 006 | a|||||r|||| 00| 0 | ||
| 007 | ta | ||
| 008 | 220922b |||||||| |||| 00| 0 hin d | ||
| 024 | _a186,452 | ||
| 037 | _cTextual | ||
| 040 |
_aARTS _cARTS _bhin |
||
| 041 |
_2hin _ahin |
||
| 082 | _aY:1.2.D4<-A, 152M5 | ||
| 100 | _aभारती, राज | ||
| 245 | 0 |
_aप्राचीन भारत में सामाजिक गतिशीलता का अध्ययन _b पूर्व वैदिक काल से लेकर तृतीय चतुर्थ शताब्दी ईसवी तक |
|
| 246 | _aPrāchīn bhārat mean sāmājik gatishīlatā kā adhyayana: pūrva vaidik kāl se lekar tṛutīya chaturtha shatābdī īsavī taka | ||
| 260 |
_aइलाहाबाद _b साहित्य प्रकाशन _c1985 |
||
| 300 |
_a192 पृ. _ccm. |
||
| 942 |
_hY:1.2.D4<-A, 152M5 _cTEXL _2CC |
||
| 999 |
_c339695 _d339695 |
||